Tanzania human rights report 2015 : Tanzania Mainland (Record no. 3315)

MARC details
000 -LEADER
fixed length control field 02395nam a2200445 i 4500
001 - CONTROL NUMBER
control field ocn944968030
003 - CONTROL NUMBER IDENTIFIER
control field TZ-ArACH
005 - DATE AND TIME OF LATEST TRANSACTION
control field 2016052605505.0
008 - FIXED-LENGTH DATA ELEMENTS--GENERAL INFORMATION
fixed length control field 160317t20152015tz a b 000 0 eng d
020 ## - INTERNATIONAL STANDARD BOOK NUMBER
International Standard Book Number 9789987740253
035 ## - SYSTEM CONTROL NUMBER
System control number (OCoLC)944968030
040 ## - CATALOGING SOURCE
Original cataloging agency OSU
Language of cataloging eng
Description conventions rda
Transcribing agency OSU
041 ## - LANGUAGE CODE
Language code of text/sound track or separate title Eng
043 ## - GEOGRAPHIC AREA CODE
Geographic area code f-tz---
049 ## - LOCAL HOLDINGS (OCLC)
Holding library TZAA
050 #4 - LIBRARY OF CONGRESS CALL NUMBER
Classification number JC599 .T34
Item number T333
110 ## - MAIN ENTRY--CORPORATE NAME
Corporate name or jurisdiction name as entry element Legal Human Rights Center (Tanzania)
9 (RLIN) 18434
245 00 - TITLE STATEMENT
Title Tanzania human rights report 2015 : Tanzania Mainland
Statement of responsibility, etc Legal Human Rights Center (LHRC)
246 30 - VARYING FORM OF TITLE
Title proper/short title Tanzania mainland-Legal and Human Rights Centre (LHRC)
246 30 - VARYING FORM OF TITLE
Title proper/short title Zanzibar-Zanzibar Legal Services Centre (ZLSC)
260 ## - PUBLICATION, DISTRIBUTION, ETC. (IMPRINT)
Place of publication, distribution, etc Dar es Salaam
Name of publisher, distributor, etc Legal Human Rights Center (LHRC)
Date of publication, distribution, etc 2016
300 ## - PHYSICAL DESCRIPTION
Extent xxviii, 244 pages :
Other physical details color illustrations ;
Dimensions 24 cm
504 ## - BIBLIOGRAPHY, ETC. NOTE
Bibliography, etc Includes bibliographical references.
610 20 - SUBJECT ADDED ENTRY--CORPORATE NAME
Corporate name or jurisdiction name as entry element Legal and Human Rights Centre (Tanzania)
9 (RLIN) 18435
650 #0 - SUBJECT ADDED ENTRY--TOPICAL TERM
Topical term or geographic name as entry element Human rights
Geographic subdivision Tanzania.
9 (RLIN) 18436
650 #0 - SUBJECT ADDED ENTRY--TOPICAL TERM
Topical term or geographic name as entry element Civil rights
Geographic subdivision Tanzania.
9 (RLIN) 18437
650 #0 - SUBJECT ADDED ENTRY--TOPICAL TERM
Topical term or geographic name as entry element Human rights monitoring
Geographic subdivision Tanzania.
9 (RLIN) 18438
653 ## - INDEX TERM--UNCONTROLLED
Uncontrolled term Donation
700 1# - ADDED ENTRY--PERSONAL NAME
Personal name Mlowe, Pasience,
Relator term researcher,
-- author.
9 (RLIN) 18439
700 1# - ADDED ENTRY--PERSONAL NAME
Personal name Mikongoti, Paul,
Relator term researcher,
-- author.
9 (RLIN) 18440
700 1# - ADDED ENTRY--PERSONAL NAME
Personal name Wazambi, Fundikila,
Relator term researcher,
-- author.
9 (RLIN) 18441
710 2# - ADDED ENTRY--CORPORATE NAME
Corporate name or jurisdiction name as entry element Legal and Human Rights Centre (Tanzania),
Relator term publisher.
9 (RLIN) 18442
710 2# - ADDED ENTRY--CORPORATE NAME
Corporate name or jurisdiction name as entry element Zanzibar Legal Services Centre,
Relator term publisher.
9 (RLIN) 18443
942 ## - ADDED ENTRY ELEMENTS (KOHA)
Source of classification or shelving scheme Library of Congress Classification
Koha item type Books
Holdings
Home library Current library Shelving location Date acquired Full call number Barcode Koha item type
African Court on Human and Peoples' Rights Library African Court on Human and Peoples' Rights Library   26/05/2016 JC599 .T34 T333 1023103X Books
African Court on Human and Peoples' Rights Library African Court on Human and Peoples' Rights Library   26/05/2016 JC599 .T34 T333 10231145 Books
African Court on Human and Peoples' Rights Library African Court on Human and Peoples' Rights Library   26/05/2016 JC599 .T34 T333 10231102 Books
African Court on Human and Peoples' Rights Library African Court on Human and Peoples' Rights Library   26/05/2016 JC599 .T34 T333 10231064 Books
African Court on Human and Peoples' Rights Library African Court on Human and Peoples' Rights Library   26/05/2016 JC599 .T34 T333 10231021 Books

African Court on Human and Peoples' Rights | For Inquiries Contact » +255 272 510 510